|
|
|
|
| LEADER |
00788nab a2200205 i 4500 |
| 001 |
acta34806 |
| 005 |
20231109143440.0 |
| 008 |
161017s2014 hu o 0|| hun d |
| 022 |
|
|
|a 0324-6523
|
| 040 |
|
|
|a SZTE Egyetemi Kiadványok Repozitórium
|b hun
|
| 041 |
|
|
|a hun
|
| 100 |
1 |
|
|a Mezei Péter
|
| 245 |
1 |
0 |
|a Technológiai mérföldkövek és szerzői jog
|h [elektronikus dokumentum] /
|c Mezei Péter
|
| 260 |
|
|
|a Szegedi Tudományegyetem Állam- és Jogtudományi Karának tudományos bizottsága
|b Szeged
|c 2014
|
| 300 |
|
|
|a 395-406
|
| 490 |
0 |
|
|a Acta Universitatis Szegediensis : acta juridica et politica
|v 77
|
| 650 |
|
4 |
|a Társadalomtudományok
|
| 650 |
|
4 |
|a Jogtudomány
|
| 695 |
|
|
|a Szerzői jog
|
| 856 |
4 |
0 |
|u http://acta.bibl.u-szeged.hu/34806/1/juridpol_077_395-406.pdf
|z Dokumentum-elérés
|